000 00487nam a2200181Ia 4500
999 _c28504
_d28504
003 OSt
005 20201117110038.0
008 190216s9999||||xx |||||||||||||| ||und||
020 _a9788171309108
040 _coclc
082 _a894.8123
_bSRE/A
100 _aSreedevi, K B
_96656
245 0 _aAgnihotram /
_cK B Sreedevi
260 _bDc Books,
_aKottayam:
_c2005.
300 _a243p
650 _aNovel
942 _cBK
_2ddc
_h894.8123
_iSRE/A
_k894.8123
_mSRE/A